Kontroling s využitím informačného systému riadenia
Kontroling v stavebnej firme predstavuje špecifickú formu práce s informáciami, ktoré zhromažďuje, spracúva, hodnotí a poskytuje ich pre potreby manažérskeho konania a rozhodovania firmy. Nejde len o kontrolu, ale predovšetkým o spracovanie jej výsledkov tak, aby slúžili pre efektívne, argumentami p...
Salvato in:
| Autore principale: | |
|---|---|
| Altri autori: | |
| Natura: | Capitolo di libro |
| Lingua: | slovacco |
| Soggetti: | |
| Tags: |
Nessun Tag, puoi essere il primo ad aggiungerne!!
|
MARC
| LEADER | 00000naa a2200000 4500 | ||
|---|---|---|---|
| 001 | 0146908 | ||
| 005 | 20230825082813.9 | ||
| 041 | 0 | |a slo | |
| 044 | |a SK | ||
| 245 | 1 | 0 | |a Kontroling s využitím informačného systému riadenia |c Milan Valuch, Lukáš Játy |
| 520 | |a Kontroling v stavebnej firme predstavuje špecifickú formu práce s informáciami, ktoré zhromažďuje, spracúva, hodnotí a poskytuje ich pre potreby manažérskeho konania a rozhodovania firmy. Nejde len o kontrolu, ale predovšetkým o spracovanie jej výsledkov tak, aby slúžili pre efektívne, argumentami podložené rozhodovanie. Využitie kontrolingu v rámci informačného systému riadenia stavebnej firmy. | ||
| 610 | 2 | 0 | |a podnik stavebný |
| 610 | 2 | 0 | |a systémy informačné riadiace |
| 610 | 2 | 0 | |a kontroling podnikový |
| 100 | 1 | |a Valuch, Milan | |
| 700 | 1 | |a Játy, Lukáš | |